000 00535 a2200181 4500
001 130248
022 _a1679-656X
040 _cLeonardo Da Vinci
041 _aInglês
_aInglês
_aInglês
082 _aTFT 2010
_b2010
245 _aThe Futurist 24
260 _bWorld Future Society
_cSet./Out. 1990
_aNew York
300 _a60
362 _a20100524
490 _aThe Futurist
_v24
697 _aPlanejando que se faz a diferença
_aCidades nos anos 2000
_aTecnologia
_aSociedade
_aEducação
_aAmbiente
_aSaúde
_aGhemat
942 _cCR
999 _c130248
_d130248